书目信息 |
| 题名: |
规划新芦山
|
|
| 作者: | 张兵 编著 | |
| 分册: | ||
| 出版信息: | 北京 中国建筑工业出版社 2022.02 |
|
| 页数: | 226页, [2] 页图版 | |
| 开本: | 28x28cm | |
| 丛书名: | 中规智库 | |
| 单 册: | ||
| 中图分类: | TU984.271.4 | |
| 科图分类: | ||
| 主题词: | 地震灾害--di zhen zai hai--灾区--重建--研究--芦山县 | |
| 电子资源: | ||
| ISBN: | 978-7-112-26745-3 | |
| 000 | 01430nam 2200289 450 | |
| 001 | 26212 | |
| 005 | 20220919221802.75 | |
| 010 | @a978-7-112-26745-3@b精装@dCNY188.00 | |
| 100 | @a20220412d2022 em y0chiy50 ea | |
| 101 | 0 | @achi |
| 102 | @aCN@b110000 | |
| 105 | @aabcfa 000yy | |
| 200 | 1 | @a规划新芦山@Agui hua xin lu shan@f张兵 ... 等编著 |
| 210 | @a北京@c中国建筑工业出版社@d2022.02 | |
| 215 | @a226页, [2] 页图版@c彩图, 地图, 肖像@d28x28cm | |
| 225 | 2 | @a中规智库@Azhong gui zhi ku |
| 304 | @a题名页题其余责任者: 方煜, 彭小雷, 蔡震, 王广鹏, 李东曙等 | |
| 312 | @a英文题名取自封底 | |
| 320 | @a有书目 (第226页) | |
| 330 | @a芦山灾后重建在党的十八大以后, 重建的观念也发生了变化。十八大提出了社会治理体系现代化的目标, 提出了包括生态文明的“五位一体”思想。这些发展理念与指导思想的变化与进步也深刻地影响了重建工作。因此, 芦山灾后重建从规划到建设项目安排、技术方法选择、工程方案设计及工程实施, 更加重视社会层面的问题 ; 更加重视生态优先 ; 更加重视文化复兴。本书摸索灾后恢复重建新模式, 探索新时期、新形势下的地震灾后恢复重建经验与教训, 为我国应对自然灾害提供路径和模式。 | |
| 410 | 0 | @12001 @a中规智库 |
| 510 | 1 | @aPost-earthquake recovery and reconstruction: planning practices in Lushan, Sichuan@zeng |
| 606 | 0 | @a地震灾害@Adi zhen zai hai@x灾区@x重建@x研究@y芦山县 |
| 690 | @aTU984.271.4@v5 | |
| 701 | 0 | @a张兵@Azhang bing@4编著 |
| 801 | 0 | @aCN@c20220910 |
| 905 | @a河南城建学院图书馆@dTU984.271.4@eZ072@f1 | |
| 规划新芦山/张兵 ... 等编著.-北京:中国建筑工业出版社,2022.02 |
| 226页, [2] 页图版:彩图, 地图, 肖像;28x28cm.-(中规智库) |
| ISBN 978-7-112-26745-3(精装):CNY188.00 |
| 芦山灾后重建在党的十八大以后, 重建的观念也发生了变化。十八大提出了社会治理体系现代化的目标, 提出了包括生态文明的“五位一体”思想。这些发展理念与指导思想的变化与进步也深刻地影响了重建工作。因此, 芦山灾后重建从规划到建设项目安排、技术方法选择、工程方案设计及工程实施, 更加重视社会层面的问题 ; 更加重视生态优先 ; 更加重视文化复兴。本书摸索灾后恢复重建新模式, 探索新时期、新形势下的地震灾后恢复重建经验与教训, 为我国应对自然灾害提供路径和模式。 |
| ● |
| 相关链接 |
|
|
|
正题名:规划新芦山
索取号:TU984.271.4/Z072
 
预约/预借
| 序号 | 登录号 | 条形码 | 馆藏地/架位号 | 状态 | 备注 |
| 1 | 1577107 | 215771074 | 建筑库201/201建筑库 66排1列4层/ [索取号:TU984.271.4/Z072] | 在馆 |